Movies Quiz

Random Movies or Actor Quiz

Movie Stars: Last 5 Years Quiz Stats

 Plays Quiz Updated Jan 10, 2019

Score 0/36 Timer 07:00
1 Play Today
Actor Any Movie (2014-2018) % Correct
Leonardo DiCaprioThe Revenant
83.9%
Emma StoneLa La Land, Aloha...
77.4%
Scarlett JohanssonGhost in the Shell, Captain America: The Winter Soldier...
77%
Ben AffleckJustice League, Live by Night...
72.6%
Tom HanksBridge of Spies, Ithaca...
70.8%
Anne HathawayAlice Through the Looking Glass, The Intern...
70.1%
Amy AdamsNocturnal Animals, Arrival...
69.7%
Matt DamonJason Bourne, True Grit....
69.4%
Michael FassbenderAssassin's Creed, Trespass Against Us...
66.3%
Sandra BullockMinions, The Heat...
64.9%
Tom CruiseJack Reacher, Edge of Tomorrow, ...
64.4%
Brad PittAllied, The Big Short...
62.3%
Will SmithConcussion, Winter's Tale...
61.5%
Daniel Day-LewisPhantom Thread
61.1%
Natalie PortmanPlanetarium, Jane Got a Gun...
60.1%
Adam SandlerThe Do-Over, The Ridiculous 6...
58.4%
Jake GyllenhaalNightcrawler, Southpaw...
58.3%
Denzel WashingtonFences, The Magnificent Seven...
56.8%
Actor Any Movie (2014-2018) % Correct
Charlize TheronAtomic Blonde, Mad Max: Fury Road...
56.5%
Gary OldmanDawn of the Planet of the Apes, Criminal...
53.5%
George ClooneyMoney Monster, Tomorrowland...
53%
Ben StillerDon't Think Twice, Zoolander 2...
52.8%
Russell CroweThe Nice Guys, The Water Diviner...
52.3%
Keanu ReevesJohn Wick, Exposed...
52.1%
Morgan FreemanGoing in Style, The Lego Movie...
50.5%
Cameron DiazSex Tape, The Other Woman...
49.9%
Cate BlanchettCarol, Manifesto...
48.7%
Reese WitherspoonHome Again, Wild...
48.5%
Meryl StreepFlorence Foster Jenkins, Suffragette...
47.5%
Julianne MooreSeventh Son, Still Alice...
46.8%
Marion CotillardAssassin's Creed, Allied...
45.9%
Javier BardemThe Last Face, Loving Pablo...
41.2%
Edward NortonThe Grand Budapest Hotel, Sausage Party...
40.4%
Kate WinsletDivergent, Steve Jobs...
36.5%
Julia RobertsMoney Monster, Wonder...
33.1%
Al PacinoDanny Collins, Misconduct...
13.9%

You're not logged in!

Compare scores with friends on all Sporcle quizzes.
OR
Log In

Show Comments

Extras

Top Quizzes Today


Score Distribution

Your Account Isn't Verified!

In order to create a playlist on Sporcle, you need to verify the email address you used during registration. Go to your Sporcle Settings to finish the process.

Report this User

Report this user for behavior that violates our Community Guidelines.

Details: